000 00625nam a2200169 i 4500
001 83219
003 ES-MaACL
005 20230906174808.0
007 t|
008 041116s1962 sp ||||1| spa d
110 2 _aInstituto Nacional de Industria (España)
_93953
245 1 0 _aResumen sobre finalidades y actuación del Instituto Nacional de Industria y de las empresas en que participa hasta 31 de diciembre de 1960.
260 _aMadrid :
_b[s.n.,
_c1962]
300 _aXVI, 472 p., 75 lám. ;
_c28 cm.
610 2 4 _aInstituto Nacional de Industria (España)-
_vMemorias.
_9170432
852 _aES-MaACL
_jC-22349
_bR.50493
999 _c83219
_d83219